| 000 | 00824nam a2200229Ia 4500 | ||
|---|---|---|---|
| 999 |
_c36826 _d36826 |
||
| 001 | 2769 | ||
| 003 | GE_BSU | ||
| 005 | 20221027142328.0 | ||
| 008 | 181216s1999ru xx |||||||||||||| ||rus|| | ||
| 020 | _a5889141295 | ||
| 040 | _cGE_BSU | ||
| 041 | _arus | ||
| 080 | _a343(075.8) Л-84 | ||
| 100 |
_aЛукашук И.И. _915589 |
||
| 245 |
_aМеждународное уголовное право : _bУч-к для юридических фак-в / _cИ.И. Лукашук, А.В. Наумов. |
||
| 264 |
_aМосква : _bСпарк, _c1999. |
||
| 300 |
_a287стр. _b20 см. |
||
| 653 | _aМеждународое уголовное право | ||
| 653 | _aსაერთაშორისო სისხლის სამართალი | ||
| 700 |
_aНаумов, А.В. _915590 |
||
| 942 |
_cBK _2udc |
||